Statistics for 10 Biggest Cities in Illinois

Click here to take the quiz!

General Stats

  • This quiz has been taken 17 times
  • The average score is 7 of 10

Answer Stats

PopulationAnswer% Correct
2,696,555Chicago
100%
113,394Springfield
88%
179,266Aurora
75%
111,666Peoria
75%
147,711Rockford
63%
89,114Champaign
56%
150,372Joliet
56%
149,104Naperville
56%
113,911Elgin
44%
88,614Waukegan
38%

Score Distribution

Percentile by Number Answered

Percent of People with Each Score

Your Score History

You have not taken this quiz